000 00293nam a2200121Ia 4500
008 180117s9999 xx 000 0 und d
100 _aby Zac Sarian
245 _aAgri-Talk
260 _c2017
300 _a26 pages, 2017 April 16
440 _aPhilippine Panorama
650 _aCOCONUT FARMS
999 _c353552
_d353552